00488 2200193 4500245005100000020002200051250001100073100001800084700002000102700001600122650001700138005001900155260004100174041001400215084001300229300003200242336000900274338001100283 aDemonic Detective Neuro 1cMatsui, YuseihText a978-602-02-2545-6 aCet. 1 aMatsui, Yusei aJuan Hardrianus aNia Ikasary aKomik Jepang a20230131141830 aJakartabElex Media Komputindoc2013 aIndonesia a741.5592 a... jil. :bilus. ;c17 cm. atext avolume